Journey of Indian cinema (Record no. 523475)

000 -LEADER
fixed length control field 00357nam a22001337a 4500
008 - FIXED-LENGTH DATA ELEMENTS--GENERAL INFORMATION
fixed length control field 230905b ||||| |||| 00| 0 eng d
100 ## - MAIN ENTRY--PERSONAL NAME
Personal name Nag, Amitava
245 ## - TITLE STATEMENT
Title Journey of Indian cinema
260 ## - PUBLICATION, DISTRIBUTION, ETC. (IMPRINT)
Place of publication, distribution, etc Yojana (Special issue)
300 ## - PHYSICAL DESCRIPTION
Extent 67(8), Aug, 2023: p.65-69
773 ## - HOST ITEM ENTRY
Main entry heading Yojana (Special issue)
906 ## - LOCAL DATA ELEMENT F, LDF (RLIN)
Subject DIP MASS MEDIA
942 ## - ADDED ENTRY ELEMENTS (KOHA)
Item type Articles
Holdings
Withdrawn status Lost status Source of classification or shelving scheme Damaged status Not for loan Permanent location Current location Date acquired Serial Enumeration / chronology Barcode Date last seen Koha item type
          Indian Institute of Public Administration Indian Institute of Public Administration 2023-09-05 67(8), Aug, 2023: p.65-69 AR129389 2023-09-05 Articles

Powered by Koha